Responses for show #3394 - Thursday, May 13, 1999

1999 College Championship final game 1.
From the Rosemont Theatre in Rosemont, Illinois.

Contestants

Carolyn Cracraft, a junior at the University of Chicago from San Jose, California

Katie King, a junior at the University of Kentucky from Charleston, West Virginia

Josh Levy, a senior at the University of Pennsylvania from Bethesda, Maryland

Jeopardy! Round responses

NATIONAL ANTHEMS
(Alex: We want you to name the country.)
CHICAGO TV
GOING TO TOWN
THE ANIMAL KINGDOM
A CAST OF THOUSANDS
CROSSWORD CLUES "S"
    $100 14
France

Josh
    $100 30
(C: What is "ER?")

Chicago Hope

JoshCarolyn
    $100 1
Pest

Josh
    $100 19
Canis/canidae

Katie
    $100 29
Shadow

Carolyn
    $100 25
Surf

Carolyn
    $200 13
Germany

Josh
    $200 6
Bob Newhart

Katie
    $200 2
lace

Carolyn
    $200 23
Tortoise

Katie
    $200 10
Fish

Katie
    $200 28
Shrimp

Josh
    $300 11
Spain

Katie
    $300 5
Married... with Children

Carolyn
    $300 16
Kingston

Josh
    $300 22
Millipede

Josh
    $300 9
Forecast

Josh
    $300 27
Solomon

Katie
    $400 12
Israel

Josh
    $400 4
Cat

Triple Stumper
    $500 17
(J: What is Curacao?)

Greenland

Josh
    $400 20
Duck-billed platypus

Katie
    $400 7
Gilligan's Island

Katie
    $400 24
Steeple

Josh
    $500 15
Japan

Carolyn
    $500 3
Phil Donahue

Carolyn
    $500 18
Nigeria

Josh
    $500 21
Termites

Katie
    $500 8
"The die is cast"

Triple Stumper
    $500 26
(Alex: You had to say it quickly, didn't you!)

"Supercalifragilisticexpialidocious"

Carolyn

Scores at the first commercial break (after clue 15):

Josh Katie Carolyn
$1,100 $1,100 $1,500

Scores at the end of the Jeopardy! Round:

Josh Katie Carolyn
$2,400 $2,600 $2,100

Double Jeopardy! Round responses

SCIENTISTS
NAME THE PARENTS
FOREIGN COLLEGES & UNIVERSITIES
FAMOUS FOLKS
KILLER MUSICALS
THE "N" CROWD
    $200 1
Galileo

Josh
    $200 8
Adam & Eve

Katie
    $200 25
(about a minute to go...)

Nobel Prizes

Carolyn
    $200 17
Bill Gates

Katie
    $200 6
The Lion King

Josh
    $200 30
Nativity

Josh
    $400 2
Albert Einstein

Carolyn
    $400 16
Prince Charles & Princess Diana

Carolyn
    $400 23
Oxford

Katie
    $400 15
(K: Who is Elizabeth I?)

Queen Victoria

KatieCarolyn
    $400 7
Kelsey Grammer

Carolyn
    $400 29
Nirvana

Josh
    $2,000 3
Sir Isaac Newton

Carolyn
    $600 9
Kurt Cobain & Courtney Love

Katie
    $600 22
Buenos Aires

Josh
    $600 12
Sigmund Freud

Katie
    $600 19
Carrie

Katie
    $600 28
Nubile

Triple Stumper
    $800 4
Julius Richard Petri

Josh
    $800 10
(J: Who are Marie & Paul Curie?)

Pierre & Marie Curie

JoshKatie
    $800 21
Paris

Carolyn
    $800 13
Buckminster Fuller

Josh
    $800 18
Little Shop of Horrors

Josh
    $800 27
Negativism

Josh
    $1000 5
Max Planck

Josh
    $1000 11
Bruce Dern & Diane Ladd

Triple Stumper
    $1000 24
Peter the Great

Josh
    $1000 14
Edith Hamilton

Triple Stumper
    $1,000 20
John Wilkes Booth

Katie
    $1000 26
Necropolis

Josh

Scores at the end of the Double Jeopardy! Round:

Josh Katie Carolyn
$9,400 $6,600 $6,700

Final Jeopardy! Round responses

STATE CAPITALS
KatieWhat is Sacramento?
$3,000
CarolynWhat is Sacramento?
$3,300
JoshWhat is ?
$400
Sacramento, California

Final scores:

Josh Katie Carolyn
$9,000 $9,600 $10,000

Game dynamics:

Coryat scores:

Josh Katie Carolyn
$9,900 $6,600 $5,300
23 R,
2 W
(including 1 DD)
17 R
(including 1 DD),
1 W
14 R
(including 1 DD),
1 W

Combined Coryat: $21,800

The J! Archive is created by fans, for fans. The Jeopardy! game show and all elements thereof, including but not limited to copyright and trademark thereto, are the property of Jeopardy Productions, Inc. and are protected under law. This website is not affiliated with, sponsored by, or operated by Jeopardy Productions, Inc.